000 00741nam a22002417a 4500
001 02010045710
003 DO-SdBNP
005 20180219152828.0
007 02010045710
008 161213b ||||| |||| 00| 0 spa d
040 _aBPMSU
_bspa
_cBPMSU
082 _axxxx
_bxxxx
100 1 _aFronsacq, Anne
240 1 _aTrotte souris.
245 1 0 _aCorre, ratinho! /
_cAnne Fronsacq ; tradução Lúcia Machado de Almeida ; ilustrações Gérard Franquin.
260 _aSão Paulo :
_bÁtica,
_c1980.
300 _a v.
_bil. ;
_c21 cm.
700 1 2 _a Machado de Almeida, Lucia,
_etr.
700 1 2 _aFranquin, Gérard,
_eil.
942 _2ddc
_cBK
945 _aInventariado, 2018 / BT
956 _2LOPEREZ
_310
_620161213
_8BPMSU
_a00041
999 _c12397
_d12397